Early Christian creeds (Record no. 40084)
[ view plain ]
| 000 -LEADER | |
|---|---|
| fixed length control field | 00571cam a2200217 4500 |
| 001 - CONTROL NUMBER | |
| control field | 1245963 |
| 005 - DATE AND TIME OF LATEST TRANSACTION | |
| control field | 20160822210649.0 |
| 008 - FIXED-LENGTH DATA ELEMENTS--GENERAL INFORMATION | |
| fixed length control field | 721226s1972 nyu b 001 0 eng |
| 040 ## - CATALOGING SOURCE | |
| Original cataloging agency | DLC |
| Transcribing agency | DLC |
| Modifying agency | DLC |
| 100 1# - MAIN ENTRY--PERSONAL NAME | |
| Personal name | Kelly, J. N. D. |
| Fuller form of name | (John Norman Davidson) |
| 245 10 - TITLE STATEMENT | |
| Title | Early Christian creeds |
| Statement of responsibility, etc | [by] J. N. D. Kelly. |
| 250 ## - EDITION STATEMENT | |
| Edition statement | 3rd ed. |
| 260 ## - PUBLICATION, DISTRIBUTION, ETC. (IMPRINT) | |
| Place of publication, distribution, etc | New York : |
| Name of publisher, distributor, etc | D. McKay Co., |
| Date of publication, distribution, etc | [1972]. |
| 300 ## - PHYSICAL DESCRIPTION | |
| Extent | xi, 446 p. : |
| Dimensions | 23 cm. |
| 336 ## - CONTENT TYPE | |
| Content Type Term | text |
| 337 ## - MEDIA TYPE | |
| Media Type Term | unmediated |
| 338 ## - CARRIER TYPE | |
| Carrier Type Term | volume |
| 504 ## - BIBLIOGRAPHY, ETC. NOTE | |
| Bibliography, etc | Bibliography: p. x. |
| 650 #0 - SUBJECT ADDED ENTRY--TOPICAL TERM | |
| Topical term or geographic name as entry element | Creeds. |
| 942 ## - ADDED ENTRY ELEMENTS (KOHA) | |
| Source of classification or shelving scheme | Library of Congress Classification |
| Item type | Books |
| Withdrawn status | Lost status | Source of classification or shelving scheme | Damaged status | Not for loan | Home library | Current library | Shelving location | Date acquired | Source of acquisition | Inventory number | Total Checkouts | Full call number | Barcode | Date last seen | Price effective from | Koha item type |
|---|---|---|---|---|---|---|---|---|---|---|---|---|---|---|---|---|
| Library of Congress Classification | BSOP Library | BSOP Library | GC | 08/22/2016 | 38438 | BT990.Ea7 K29 | 00048438 | 08/22/2016 | 08/22/2016 | Books |
